Statistics for 浜松市の行政区ー地図クイズ

Click here to take the quiz!

General Stats

  • This quiz has been taken 48 times
  • The average score is 7 of 7

Answers on the Map

Answers color-coded by a green-red scale on the quiz's map according to % correct below.
 

Answer Stats

% Correct
南区
100%
東区
100%
北区
97%
天竜区
97%
中区
97%
西区
97%
浜北区
82%

Score Distribution

Percentile by Number Answered

Percent of People with Each Score

Your Score History

You have not taken this quiz